Zlaté víza ako nástroj migrácie do Európskej únie bakalárska práca

Enregistré dans:
Détails bibliographiques
Auteur principal: Máliková, Nikola
Collectivité auteur: Fakulta medzinárodných vzťahov EU. Katedra medzinárodného práva
Autres auteurs: Bocková, Lucia, 1978-
Format: Livre
Langue:slovaque
Publié: Bratislava 2025
Tags: Ajouter un tag
Pas de tags, Soyez le premier à ajouter un tag!

MARC

LEADER 00000nbm a2200000 4500
001 0309635
005 20260327090055.8
041 0 |a slo 
044 |a SK 
245 1 0 |a Zlaté víza ako nástroj migrácie do Európskej únie  |b bakalárska práca  |c Nikola Máliková ; školiteľ: Lucia Bocková 
264 1 |a Bratislava  |c 2025 
300 |a 58 s. 
100 1 |a Máliková, Nikola 
700 1 |a Bocková, Lucia, 1978- 
710 2 |a Fakulta medzinárodných vzťahov EU. Katedra medzinárodného práva